ARRUPE JESUIT UNIVERSITY

CORONAVIRUS -STOP THE SPREAD - CLEAN,DISINFECT,COVER

Wise Choices, Apt Feelings (Record no. 120222)

MARC details
000 -LEADER
fixed length control field 00443nam a22001337a 4500
008 - FIXED-LENGTH DATA ELEMENTS--GENERAL INFORMATION
fixed length control field 140319b xxu||||| |||| 00| 0 eng d
050 ## - LIBRARY OF CONGRESS CALL NUMBER
Classification number BJ1012. G53 1990
100 ## - MAIN ENTRY--PERSONAL NAME
Personal name Gibbard, Allan
9 (RLIN) 9155
245 ## - TITLE STATEMENT
Title Wise Choices, Apt Feelings
Remainder of title a theory of normative jugdment
Statement of responsibility, etc Allan Gibbard
260 ## - PUBLICATION, DISTRIBUTION, ETC. (IMPRINT)
Place of publication, distribution, etc Cambridge
Name of publisher, distributor, etc Harvad University Press
Date of publication, distribution, etc 1990
300 ## - PHYSICAL DESCRIPTION
Extent x, 346p. ;
Dimensions 24cm.
650 ## - SUBJECT ADDED ENTRY--TOPICAL TERM
Topical term or geographic name as entry element Ethics
General subdivision Jugdment (logic)
9 (RLIN) 9156
942 ## - ADDED ENTRY ELEMENTS (KOHA)
Source of classification or shelving scheme Library of Congress Classification
Item type Monograph ( Printed materials)
Koha issues (borrowed), all copies 2
Holdings
Withdrawn status Lost status Source of classification or shelving scheme Damaged status Not for loan Collection code Home library Current library Date acquired Total Checkouts Full call number Barcode Date last seen Date last borrowed Price effective from Koha item type
    Library of Congress Classification     Main Collection ARRUPE LIBRARY ARRUPE LIBRARY 19/03/2014 2 BJ1012. G53 1990 46500001935 22/09/2016 16/03/2015 19/03/2014 Monograph ( Printed materials)

 

Arrupe Library. PO Box MP320 Mt Pleasant, Harare, Zimbabwe
263 242 745411|librarian@aju.ac.zw